| 000 | 00600nam a2200193 a 4500 | ||
|---|---|---|---|
| 001 | 000031432 | ||
| 005 | 20200930062927.0 | ||
| 008 | 110622s2002 sp 001 0 spa d | ||
| 020 | _a8448133706 | ||
| 040 |
_aDO-SdBNP _bspa _cBNPHU |
||
| 082 |
_axxxx _bxxxx |
||
| 100 | 1 |
_aBruce, Anne _957837 |
|
| 240 | 1 | 0 | _aMotivating employees |
| 245 | 1 | 0 |
_aTenga a su equipo motivado / _cAnne Bruce, James S. Pepitone; traducción, Betty Trabal. |
| 260 |
_aMadrid, España : _bMcGraw-Hill, _c2002. |
||
| 300 |
_a192 p. ; _c21 cm. |
||
| 700 | 1 |
_aTrabal, Betty _etrad. _957838 |
|
| 700 | 1 |
_aPepitone, James S. _957839 |
|
| 999 |
_c30924 _d30924 |
||